| 000 | 00330 a2200133 4500 | ||
|---|---|---|---|
| 001 | 76729 | ||
| 020 | _a9780471579250 | ||
| 082 | _a006.6869 BIX | ||
| 090 |
_c39248 _d39248 |
||
| 100 | _aRobert Bixby | ||
| 245 |
_aCorelDraw 3 _bCorelDraw _cRobert Bixby _hEnglish |
||
| 260 |
_aNew york _bJohn Wiley _c1993 |
||
| 300 | _axxi 326 p | ||
| 942 |
_aCaenust _k006.6869 BIX |
||
| 999 |
_c311802 _d311802 |
||